00345nam a2200109Ia 4500008004100000082001500041100001900056245003500075260002700110630001800137650008000155211109s9999||||xx |||||||||||||| ||und|| a822bKAR-N aKarnad, Girish 0aNaga-Mandala:play With a Cobra bOxfordaNew Yorkc1990 xGENERAL STACK aEnglish LiteraturevEnglish & old english literaturesxEnglish DramaEnglish